00243nam a22000857a 4500008004100000082001400041245004600055260004800101300000800149230606b xxu||||| |||| 00| 0 eng d a341.24921 aPan-African Parliament Annual Report 2007 aSouth AfricabPan-African Parliament c2007 a24p